Learning about the way things move

The Little Scientists Hands-On Activities series of books is an outgrowth of the nationally acclaimed Little Scientists educational program. Like the popular scientific enrichment classes for which they are named, these books are designed to expose kids, ages 5 to 8, to the thrill of scientific disc...

Fuld beskrivelse

Đã lưu trong:
Bibliografiske detaljer
Hovedforfatter: Gold-Dworkin, Heidi
Format: Bog
Sprog:Undetermined
Udgivet: New York, NY. McGraw-Hill 2001
Fag:
Tags: Tilføj Tag
Ingen Tags, Vær først til at tagge denne postø!
Thư viện lưu trữ: Trung tâm Học liệu Trường Đại học Cần Thơ
LEADER 01162nam a2200229Ia 4500
001 CTU_126343
008 210402s9999 xx 000 0 und d
020 |c 11.01 
082 |a 531.6 
082 |b G618 
100 |a Gold-Dworkin, Heidi 
245 0 |a Learning about the way things move 
245 0 |c Heidi Gold-Dworkin 
260 |a New York, NY. 
260 |b McGraw-Hill 
260 |c 2001 
520 |a The Little Scientists Hands-On Activities series of books is an outgrowth of the nationally acclaimed Little Scientists educational program. Like the popular scientific enrichment classes for which they are named, these books are designed to expose kids, ages 5 to 8, to the thrill of scientific discovery, while helping them to develop core scientific skills of deserving, critical thinking, communication, classifying, comparing, applying and generalizing, measuring, predicting, hypothesizing, and problem solving. 
650 |a Force and energy,Force and energy,Motion 
650 |x Juvenile literature.,Experiments,Juvenile literature. 
650 |y Experiments. 
904 |i Minh 
980 |a Trung tâm Học liệu Trường Đại học Cần Thơ